| 000 | 00510ntaaa2200193 4500 | ||
|---|---|---|---|
| 003 | 01 | ||
| 005 | 20251027202715.0 | ||
| 008 | 0714s1973 ag 01 | ||
| 040 |
_aAR-BaBN _bspa _cAR-BaBN _eaacr _dRIC |
||
| 082 | _a572.0000 M46 | ||
| 100 |
_aMead, Margaret _92026 |
||
| 245 | _aNew lives for old | ||
| 250 | _a1 ed. | ||
| 260 |
_aNew York : _bNew American Library of World Literature Inc., _cc1956 |
||
| 300 | _axv, 460 p | ||
| 500 | _aEstudio de antropología | ||
| 650 |
_aantropología _95885 |
||
| 942 | _cBK | ||
| 999 |
_c22269 _d22269 |
||